02230nam a2200265Ia 45000010005000000080041000050100009000460410014000550820019000692450243000882600013003313000008003445200006003526300031003586300028003896300021004176300030004386300015004686500024004837000033005077000043005407000043005837000048006265201290006744449241029s9999 xx 000 0 und d a4190 aEspañol aMGC.14-021  0aCausas que inciden en la deserción escolar de los estudiantes del Nivel Medio en el Centro Educativo Prof. Maria Altagracia Jiménez Calderón en la tanda Vespertina del Distrito Educativo 08-03 de Santiago, en el período 2012-2014. aSantiago a122 a5 aActitud de los Estudiantes aDeserción Estudiantil aEscolarización aEstrategia de Aprendizaje aIncidencia aDeserción Escolar easesoraJiminián, Yanet Y. eautoraGómez Árias, Luz Francia  eautoraCorrea Jiménez, Rossy Teresa  eautoraRosario Acevedo. , Lucila del Carmen aEl Estudio planteó como objetivo general analizar las causas que inciden en la deserción escolar de los estudiantes del Nivel Medio en el Centro Educativo Prof. Maria Altagracia Jiménez Calderón en la tanda Vespertina del Distrito Educativo 08-03 de Santiago en el período 2012-2014.La Investigación realizada fue de tipo documental, de campo y descriptiva, con un enfoque cuantitativo. En ésta se emplearon la encuesta y la entrevista, y como instrumento el cuestionario. El universo estudiado constaba de veintisiete (27) estudiantes del nivel objeto estudio, diez (10) docentes y el director del Centro.El estudio determinó que el perfil sociodemográfico del desertor de este Centro Educativo es en un 59% de sexo masculino, la edad promedio en un 66% oscila entre 16 a 18 años; el 88% proviene de la zona rural y un 61% vive en casa alquilada.Verificó además, que las razones económicas son la principal causa de la deserción escolar en este Centro Educativo. Mientras que los desertores atribuyen otras causas tales como académica, pedagógica, sociales, problemas de salud y viajes.Finalmente, recomendó al equipo directivo del referido Centro, implementar estrategias que permitan a los alumnos del Nivel Medio terminar sus estudios secundarios.